<?xml version="1.0" encoding="UTF-8"?>
<record
    xmlns:xsi="http://www.w3.org/2001/XMLSchema-instance"
    xsi:schemaLocation="http://www.loc.gov/MARC21/slim http://www.loc.gov/standards/marcxml/schema/MARC21slim.xsd"
    xmlns="http://www.loc.gov/MARC21/slim">

  <leader>01894nam a2200169 a 4500</leader>
  <datafield tag="999" ind1=" " ind2=" ">
    <subfield code="c">14467</subfield>
    <subfield code="d">14467</subfield>
  </datafield>
  <datafield tag="020" ind1=" " ind2=" ">
    <subfield code="a">1908843632 (hardcover)</subfield>
  </datafield>
  <datafield tag="020" ind1=" " ind2=" ">
    <subfield code="a">9781908843630 (hardcover)</subfield>
  </datafield>
  <datafield tag="100" ind1="1" ind2=" ">
    <subfield code="a">Records, Guinness World.</subfield>
  </datafield>
  <datafield tag="245" ind1="1" ind2="0">
    <subfield code="a">Guinness World Records 2015 /</subfield>
  </datafield>
  <datafield tag="260" ind1=" " ind2=" ">
    <subfield code="a">[S.l.] :</subfield>
    <subfield code="b">Guinness World Records,</subfield>
    <subfield code="c">2014.</subfield>
  </datafield>
  <datafield tag="300" ind1=" " ind2=" ">
    <subfield code="a">256 p. ;</subfield>
  </datafield>
  <datafield tag="520" ind1=" " ind2=" ">
    <subfield code="a">With a fresh new design and feel inspired by innovations in tablet technology, the latest GUINNESS WORLD RECORDS book presents thousands of new and updated records, along with hundreds of amazing never-before-seen photographs. The 2015 edition showcases the very best of the most recent world records, with new subjects as diverse as castles, 3D printing, the search for alien life and the latest developments in AI and robotics. Plus, the Flashback features offer a look back at the archives to bring you the best of the classic and iconic records from the past 60 years. Meanwhile, the Gallery spreads present the best GUINNESS WORLD RECORDS photography across themed topics such as giant musical instruments, wacky vehicles and animals in action. And look out for details of how readers can become record-breakers themselves. See it 3D! - The latest edition of our FREE Augmented Reality app brings the book to life with more exciting and interactive digital content, including a 3D animation of the tallest man who ever lived &#x2013; Robert Wadlow, who reached the towering height of 2.72 m (8 ft 11.1 in). Plus, you will be transported to an underwater submarine so that you can dive with creatures as exotic as the great white shark! Also, you will encounter the world's most venomous spider &#x2013; get closer and it will surprise you! Download the new app now to experience a whole new dimension of recor</subfield>
  </datafield>
  <datafield tag="650" ind1=" " ind2=" ">
    <subfield code="a">World records</subfield>
  </datafield>
  <datafield tag="650" ind1=" " ind2=" ">
    <subfield code="a">Curiosities and wonders</subfield>
  </datafield>
  <datafield tag="856" ind1=" " ind2=" ">
    <subfield code="u">http://www.amazon.com/exec/obidos/ASIN/1908843632/chopaconline</subfield>
  </datafield>
  <datafield tag="942" ind1=" " ind2=" ">
    <subfield code="c">BK</subfield>
  </datafield>
  <datafield tag="952" ind1=" " ind2=" ">
    <subfield code="0">0</subfield>
    <subfield code="1">0</subfield>
    <subfield code="4">0</subfield>
    <subfield code="7">0</subfield>
    <subfield code="a">QUESTCL</subfield>
    <subfield code="b">QUESTCL</subfield>
    <subfield code="d">2015-11-02</subfield>
    <subfield code="g">3750.00</subfield>
    <subfield code="l">0</subfield>
    <subfield code="o">031.02GUN</subfield>
    <subfield code="p">52995</subfield>
    <subfield code="r">2015-11-02 00:00:00</subfield>
    <subfield code="w">2015-11-02</subfield>
    <subfield code="y">BK</subfield>
  </datafield>
</record>
